[Event "IV Memorial Aldo Perini A"]
[Site "Senigallia ITA"]
[Date "2010.08.02"]
[Round "1"]
[White "Marconi, Luca"]
[Black "Lucchi, Lorenzo"]
[Result "1/2-1/2"]
[WhiteElo "1840"]
[BlackElo "2075"]
[PlyCount "125"]
[EventDate "2010.08.02"]

1. c4 g6 2. g3 Bg7 3. Nc3 Nf6 4. Bg2 O-O 5. e4 Nc6 6. d3 e6 7. Nge2 d5 8. O-O
d4 9. Nb1 e5 10. h3 Be6 11. f4 Qd7 12. g4 exf4 13. Nxf4 Ne5 14. Nxe6 Qxe6 15.
Bf4 Nfd7 16. Na3 Nc5 17. Bxe5 Qxe5 18. Nc2 Ne6 19. Qf3 a6 20. h4 Bh6 21. g5 Bg7
22. Bh3 f6 23. Bxe6+ Qxe6 24. Qg2 b5 25. b3 fxg5 26. hxg5 Be5 27. Rxf8+ Rxf8
28. Rf1 Bf4 29. Kh1 c5 30. Ne1 Kg7 31. Nf3 Be3 32. Nh2 Qe5 33. Rxf8 Kxf8 34.
Nf3 Qf4 35. Qh3 Ke7 36. Qxh7+ Kd8 37. Qg8+ Kc7 38. Qg7+ Kc8 39. Qg8+ Kb7 40.
Qg7+ Kb6 41. Qf6+ Ka5 42. Qxf4 Bxf4 43. e5 bxc4 44. bxc4 Ka4 45. e6 Bd6 46. Ne5
Be7 47. Nxg6 Bxg5 48. e7 Bxe7 49. Nxe7 Ka3 50. Nc6 Kxa2 51. Nxd4 a5 52. Kg2 Kb2
53. Kf3 cxd4 54. c5 a4 55. c6 a3 56. c7 a2 57. c8=Q a1=Q 58. Qc4 Qh1+ 59. Kf4
Qg1 60. Ke4 Qg4+ 61. Kd5 Qd7+ 62. Kc5 Qa7+ 63. Kd5 1/2-1/2

[Event "IV Memorial Aldo Perini A"]
[Site "Senigallia ITA"]
[Date "2010.08.02"]
[Round "1"]
[White "Monducci, Mirko"]
[Black "Aleksic, Nenad"]
[Result "0-1"]
[WhiteElo "1948"]
[BlackElo "2378"]
[PlyCount "50"]
[EventDate "2010.08.02"]

1. d4 Nf6 2. c4 e6 3. Nc3 Bb4 4. e3 b6 5. Bd3 Bb7 6. f3 c5 7. a3 Bxc3+ 8. bxc3
d6 9. Ne2 Nc6 10. Ng3 Qc7 11. Bb2 O-O-O 12. Qe2 Kb8 13. O-O h5 14. Rfd1 h4 15.
Nf1 g5 16. Nd2 Na5 17. Rac1 Rhg8 18. e4 Nh5 19. Qe3 Nf4 20. Bf1 e5 21. d5 g4
22. Kh1 Bc8 23. Re1 g3 24. Bd3 h3 25. hxg3 Rxg3 0-1

[Event "IV Memorial Aldo Perini A"]
[Site "Senigallia ITA"]
[Date "2010.08.02"]
[Round "1"]
[White "Mrdja, Milan"]
[Black "Faini, Marco"]
[Result "1-0"]
[WhiteElo "2372"]
[BlackElo "1936"]
[PlyCount "89"]
[EventDate "2010.08.02"]

1. e4 c5 2. Nf3 d6 3. d4 cxd4 4. Qxd4 Nc6 5. Bb5 Bd7 6. Bxc6 Bxc6 7. Nc3 Nf6 8.
Bg5 e6 9. O-O-O Be7 10. Rhe1 Qc7 11. Qd3 Rd8 12. Nd4 a6 13. f4 O-O 14. f5 e5
15. Bxf6 Bxf6 16. Nf3 b5 17. g4 Be7 18. g5 f6 19. h4 Kh8 20. Kb1 b4 21. Nd5
Bxd5 22. Qxd5 Rc8 23. Re2 a5 24. Qd2 Qc4 25. b3 Qc3 26. Re3 Qxd2 27. Rxd2 Rc5
28. Rdd3 Rfc8 29. c4 bxc3 30. Kc2 Kg8 31. gxf6 gxf6 32. Rxc3 Kf7 33. Rxc5 dxc5
34. Nd2 Rg8 35. Kd3 Rg2 36. Re2 Rxe2 37. Kxe2 Ke8 38. Kd3 Kd7 39. Nc4 Bd8 40.
Ne3 Kc6 41. Kc4 Bc7 42. Nd5 Bd8 43. h5 Kd6 44. Kb5 a4 45. bxa4 1-0

[Event "IV Memorial Aldo Perini A"]
[Site "Senigallia ITA"]
[Date "2010.08.02"]
[Round "1"]
[White "Navarro, Emanuele"]
[Black "Ricci, Alessio"]
[Result "1/2-1/2"]
[WhiteElo "2172"]
[BlackElo "1876"]
[PlyCount "106"]
[EventDate "2010.08.02"]

1. e4 Nc6 2. d4 e5 3. Nf3 exd4 4. Bc4 Bc5 5. O-O d6 6. c3 dxc3 7. Re1 Be6 8.
Bxe6 fxe6 9. Nxc3 Qd7 10. Bg5 h6 11. Bh4 g5 12. Bg3 O-O-O 13. Qb3 Nge7 14. Rad1
Ng6 15. e5 d5 16. Nxd5 exd5 17. Qc2 Bb4 18. Qxg6 Bxe1 19. Rxe1 Rdg8 20. Qc2 Re8
21. Qc3 Re6 22. b4 a6 23. a4 g4 24. Nh4 Ne7 25. Qd4 h5 26. f4 gxf3 27. Nxf3
Qxa4 28. Ng5 Rb6 29. e6 Rg8 30. Qc5 Nc6 31. e7 Re8 32. Qxd5 Qxb4 33. Qe6+ Kb8
34. Qd7 Qd4+ 35. Qxd4 Nxd4 36. Rd1 Nc6 37. Ne6 Kc8 38. Nxc7 Rxe7 39. Nd5 Rb5
40. Nxe7+ Nxe7 41. Rc1+ Kd7 42. Rc7+ Ke6 43. Kf2 Rb2+ 44. Kf3 a5 45. Rc5 Rb3+
46. Ke4 Rb4+ 47. Kd3 h4 48. Be1 Rb2 49. Bxh4 Rxg2 50. Rxa5 Rxh2 51. Bxe7 Kxe7
52. Rb5 Rh8 53. Ke4 Ke8 1/2-1/2

[Event "IV Memorial Aldo Perini A"]
[Site "Senigallia ITA"]
[Date "2010.08.02"]
[Round "1"]
[White "Occari, Maurizio"]
[Black "Buratti, Ettore"]
[Result "1-0"]
[WhiteElo "2065"]
[BlackElo "1839"]
[PlyCount "111"]
[EventDate "2010.08.02"]

1. e4 d6 2. d4 Nf6 3. Bd3 g6 4. Ne2 Bg7 5. O-O O-O 6. f3 Nbd7 7. Be3 c5 8. c3
Qc7 9. a4 b6 10. Na3 Bb7 11. Qd2 e5 12. d5 Nh5 13. g4 Nf4 14. Nxf4 exf4 15.
Bxf4 Ne5 16. Nc4 Rad8 17. Ne3 Bc8 18. Kh1 Qe7 19. Bg3 Rfe8 20. Bb5 Rf8 21. Qe2
Bf6 22. a5 Bh4 23. f4 Nd7 24. Bd3 Bxg3 25. hxg3 Nf6 26. axb6 axb6 27. Nc4 Bxg4
28. Qg2 Qb7 29. Ne3 Ra8 30. e5 Rfe8 31. Rae1 dxe5 32. fxe5 Qd7 33. Rxf6 Rxe5
34. Nc2 Rae8 35. Rxe5 Rxe5 36. c4 Qe7 37. Qf2 Kg7 38. Rf4 f5 39. Qd2 Kg8 40.
Rf2 Qe8 41. Bf1 Re4 42. Rf4 Re5 43. Rf2 Re4 44. d6 Qd7 45. Bg2 Re8 46. Ne3 Bh5
47. g4 fxg4 48. Bd5+ Kh8 49. Qc3+ Qg7 50. d7 Rd8 51. Rf7 Qxc3 52. bxc3 g5 53.
Re7 g3 54. Kg2 Bg6 55. Kxg3 Bh5 56. Nf5 1-0

[Event "IV Memorial Aldo Perini A"]
[Site "Senigallia ITA"]
[Date "2010.08.02"]
[Round "1"]
[White "Palmitessa, Chiara"]
[Black "Barlocco, Carlo"]
[Result "1-0"]
[WhiteElo "1876"]
[BlackElo "2183"]
[PlyCount "91"]
[EventDate "2010.08.02"]

1. e4 c5 2. Nf3 e6 3. d4 cxd4 4. Nxd4 Nf6 5. Nc3 Nc6 6. Be3 Bb4 7. Nxc6 bxc6 8.
f3 O-O 9. g4 d5 10. g5 Nd7 11. h4 f5 12. gxf6 Qxf6 13. Bd2 Qxf3 14. Qxf3 Rxf3
15. O-O-O Nc5 16. Bg2 Rf2 17. Rhg1 Ba6 18. exd5 exd5 19. Be3 Rf5 20. Nxd5 cxd5
21. a3 Re8 22. axb4 Nd3+ 23. cxd3 Rxe3 24. Kc2 d4 25. Rd2 Rb5 26. Ra1 Bb7 27.
Rxa7 Bxg2 28. Rxg2 g6 29. Kb3 Rb8 30. Kc4 Rh3 31. Rc7 Rxh4 32. b5 Rh5 33. Rc5
Rxc5+ 34. Kxc5 Kg7 35. b6 h5 36. Kc6 Kh6 37. b7 h4 38. Kc7 Rxb7+ 39. Kxb7 g5
40. Kc6 Kh5 41. b4 h3 42. Rh2 Kh4 43. b5 g4 44. b6 g3 45. Rxh3+ Kxh3 46. b7 1-0

[Event "IV Memorial Aldo Perini A"]
[Site "Senigallia ITA"]
[Date "2010.08.02"]
[Round "1"]
[White "Pasquotto, Mirko"]
[Black "Stromboli, Ettore"]
[Result "1/2-1/2"]
[WhiteElo "1921"]
[BlackElo "2259"]
[PlyCount "112"]
[EventDate "2010.08.02"]

1. d4 Nf6 2. c4 e6 3. Nf3 b6 4. g3 Bb7 5. Bg2 Be7 6. Nc3 O-O 7. O-O Ne4 8. Qc2
Nxc3 9. Qxc3 f5 10. b3 Bf6 11. Bb2 Qe7 12. Qd2 Re8 13. Rfd1 c6 14. Ne5 d6 15.
Nd3 d5 16. Ne5 Nd7 17. f4 Red8 18. cxd5 exd5 19. Rac1 Rac8 20. Rc2 Nf8 21. Qc1
Bxe5 22. fxe5 Ne6 23. Ba3 Qe8 24. e3 Qg6 25. Rf1 Ng5 26. Be7 Re8 27. Bxg5 Qxg5
28. b4 g6 29. b5 c5 30. dxc5 bxc5 31. Rxc5 Rxc5 32. Qxc5 Rxe5 33. Qxa7 Qxe3+
34. Qxe3 Rxe3 35. Rc1 Ra3 36. Rc7 Ba8 37. b6 Rxa2 38. b7 Bxb7 39. Rxb7 Rd2 40.
Rd7 d4 41. Bd5+ Kh8 42. h4 Rb2 43. Bc4 Rd2 44. Kf1 h6 45. Ke1 Rg2 46. Rxd4 Rxg3
47. Kf2 Rg4 48. Rxg4 fxg4 49. Kg3 g5 50. h5 Kg7 51. Kxg4 Kf6 52. Bd3 Ke5 53.
Kf3 g4+ 54. Kxg4 Kf6 55. Kf4 Kg7 56. Kf5 Kh8 1/2-1/2

[Event "IV Memorial Aldo Perini A"]
[Site "Senigallia ITA"]
[Date "2010.08.02"]
[Round "1"]
[White "Proietti, Tosca"]
[Black "Pegoraro, Nicola"]
[Result "1/2-1/2"]
[WhiteElo "1838"]
[BlackElo "2036"]
[PlyCount "59"]
[EventDate "2010.08.02"]

1. e4 c5 2. Nc3 Nc6 3. Bc4 e6 4. d3 d6 5. Nge2 g6 6. O-O Bg7 7. Ng3 Nge7 8. Bg5
h6 9. Bd2 O-O 10. a3 Kh7 11. f4 Nd4 12. Rb1 Bd7 13. Nge2 b5 14. Ba2 b4 15. axb4
cxb4 16. Be3 bxc3 17. Bxd4 Bxd4+ 18. Nxd4 Qa5 19. Bc4 Qc5 20. bxc3 e5 21. fxe5
dxe5 22. Rb7 Bc6 23. Rxe7 Qxe7 24. Nxc6 Qc5+ 25. Kh1 Qxc6 26. Bd5 Qc7 27. Bxa8
Rxa8 28. Qa1 a5 29. Qa2 Kg8 30. Qd5 1/2-1/2

[Event "IV Memorial Aldo Perini A"]
[Site "Senigallia ITA"]
[Date "2010.08.02"]
[Round "1"]
[White "Rago, Riccardo"]
[Black "Fratini, Mauro"]
[Result "1-0"]
[WhiteElo "2103"]
[BlackElo "1854"]
[PlyCount "87"]
[EventDate "2010.08.02"]

1. e4 Nf6 2. e5 Nd5 3. d4 d6 4. Nf3 Bg4 5. Be2 Nc6 6. exd6 cxd6 7. O-O g6 8. h3
Bf5 9. a3 a5 10. c4 Nb6 11. Nc3 Bg7 12. Be3 O-O 13. Rc1 Rc8 14. Qb3 Nb8 15.
Rfd1 N8d7 16. g4 a4 17. Qa2 Be6 18. d5 Bxg4 19. hxg4 f5 20. gxf5 Rxf5 21. Ne4
Ne5 22. Nxe5 Rxe5 23. Bf3 Qf8 24. Bg2 Nd7 25. b4 Qf5 26. Ng3 Qf7 27. c5 dxc5
28. bxc5 Nf6 29. Bf4 Ng4 30. Bxe5 Nxe5 31. Qe2 Rf8 32. d6 e6 33. Rf1 Qf4 34.
Qe4 Qh6 35. f4 Ng4 36. Rf3 e5 37. Nf1 exf4 38. Rc4 Ne5 39. Qxb7 g5 40. Qd5+ Kh8
41. d7 Nxf3+ 42. Bxf3 Qf6 43. c6 g4 44. Bxg4 1-0

[Event "IV Memorial Aldo Perini A"]
[Site "Senigallia ITA"]
[Date "2010.08.02"]
[Round "1"]
[White "Rebeggiani, Luca"]
[Black "Loccisano, Giuseppe"]
[Result "1-0"]
[WhiteElo "2036"]
[BlackElo "1828"]
[PlyCount "39"]
[EventDate "2010.08.02"]

1. e4 e6 2. d4 d5 3. Nc3 Nf6 4. e5 Nfd7 5. f4 c5 6. Nf3 Nc6 7. Be3 Be7 8. Bd3
f6 9. O-O O-O 10. Bxh7+ Kxh7 11. Ng5+ fxg5 12. Qh5+ Kg8 13. fxg5 Bxg5 14. Bxg5
Qe8 15. Rxf8+ Qxf8 16. Rf1 Nf6 17. exf6 Qf7 18. Qh4 g6 19. Nb5 Nxd4 20. Nd6 1-0

[Event "IV Memorial Aldo Perini A"]
[Site "Senigallia ITA"]
[Date "2010.08.02"]
[Round "1"]
[White "Sabia, Corrado"]
[Black "Simeone, Giulio"]
[Result "1-0"]
[WhiteElo "2212"]
[BlackElo "1911"]
[PlyCount "79"]
[EventDate "2010.08.02"]

1. e4 c6 2. d4 d5 3. exd5 cxd5 4. c4 Nf6 5. Nc3 g6 6. cxd5 Bg7 7. Bb5+ Nbd7 8.
d6 exd6 9. Qe2+ Qe7 10. Qxe7+ Kxe7 11. Nge2 a6 12. Bd3 Re8 13. O-O Kf8 14. Bf4
d5 15. a4 Nb8 16. Bd6+ Kg8 17. Nf4 Nc6 18. Bc5 Be6 19. Rfd1 g5 20. Nxe6 fxe6
21. Ne2 Nd7 22. Ba3 Kh8 23. Bc2 Rac8 24. Rac1 g4 25. Bb1 Nb6 26. b3 Na5 27. Ba2
Bh6 28. Rc5 Nc6 29. Rc3 Kg7 30. Rg3 Kf6 31. Bb1 Rc7 32. Rxg4 Rec8 33. Rg3 e5
34. dxe5+ Nxe5 35. Bb2 Ke6 36. Nd4+ Kf6 37. Nf3 Bf4 38. Rg4 Ke6 39. Rxf4 Ng6
40. Rf6+ 1-0

[Event "IV Memorial Aldo Perini A"]
[Site "Senigallia ITA"]
[Date "2010.08.02"]
[Round "1"]
[White "Turazza, Andrea"]
[Black "Altini, Nicola"]
[Result "0-1"]
[WhiteElo "1857"]
[BlackElo "2120"]
[PlyCount "228"]
[EventDate "2010.08.02"]

1. Nf3 d5 2. b3 Bf5 3. Bb2 Nf6 4. e3 e6 5. Be2 Bd6 6. Ne5 Nbd7 7. f4 Bxe5 8.
fxe5 Ne4 9. O-O Qg5 10. Bf3 Bg6 11. Qe1 Nxe5 12. d3 Nd6 13. h4 Nxf3+ 14. Rxf3
Qh5 15. Rf4 f6 16. g4 Qh6 17. Qg3 e5 18. Rf2 Bf7 19. Nd2 Be6 20. Kg2 Qg6 21. g5
Nf5 22. Qh3 fxg5 23. h5 g4 24. hxg6 gxh3+ 25. Kh1 hxg6 26. Bxe5 O-O-O 27. Rg1
Nxe3 28. Rxg6 Ng4 29. Re2 Nxe5 30. Rxe5 Bd7 31. Rxg7 Rde8 32. d4 Rxe5 33. dxe5
Bf5 34. c3 Rf8 35. Kh2 Be6 36. Kg3 Rh8 37. Nf3 h2 38. Nxh2 Rh3+ 39. Kg2 Rxc3
40. Re7 Bf5 41. Rf7 Be4+ 42. Kf2 Rc2+ 43. Kg3 Rg2+ 44. Kh3 Rg6 45. Ng4 Re6 46.
Kg3 Kd8 47. Kf4 Bg6 48. Rg7 Bb1 49. Nf6 d4 50. a3 d3 51. Kf5 Re8 52. Rd7+ Kc8
53. e6 Rh8 54. e7 Bc2 55. Ke5 Re8 56. Kf4 b6 57. b4 Ba4 58. Rxd3 Rxe7 59. Re3
Rf7 60. Ke5 Kb7 61. Nd5 Rh7 62. Kd4 Bc6 63. Nc3 Rh1 64. Kc4 Bg2 65. Re7 Kc6 66.
Re6+ Kd7 67. Rg6 Bh3 68. Rg7+ Kc8 69. Kd4 Bd7 70. Kc4 Be6+ 71. Kd4 a6 72. Rg3
Kb7 73. Re3 Bg8 74. Ne2 Ra1 75. Rg3 Be6 76. Rc3 Bf7 77. Nf4 Kc8 78. Ke5 Kd7 79.
Kd4 Kd6 80. Ke4 c5 81. bxc5+ bxc5 82. Kd3 c4+ 83. Kd2 Kc5 84. Nd3+ Kd4 85. Nc1
Bg6 86. Ne2+ Kc5 87. Nc1 Rb1 88. Ne2 Rb2+ 89. Ke3 Bf7 90. Nf4 Kb5 91. Kd4 Rd2+
92. Ke3 Rh2 93. Kd4 Rd2+ 94. Ke3 Rd8 95. Ke2 Rd4 96. Ke3 Rd8 97. Ke2 Kc5 98.
Ke3 Re8+ 99. Kd2 Kd4 100. Rf3 Bg8 101. Ne2+ Kc5 102. Rf5+ Kb6 103. Nd4 Re4 104.
Kc3 Re3+ 105. Kb4 Rd3 106. Rf6+ Kb7 107. Rf4 c3 108. Nc2 a5+ 109. Kxa5 Rd2 110.
Kb4 Rxc2 111. Rf3 Rb2+ 112. Kc5 c2 113. Rc3 Rb6 114. Kd4 Rc6 0-1

[Event "IV Memorial Aldo Perini A"]
[Site "Senigallia ITA"]
[Date "2010.08.02"]
[Round "1"]
[White "Ubezio, Marco"]
[Black "Polin, Giulia"]
[Result "1/2-1/2"]
[WhiteElo "2135"]
[BlackElo "1865"]
[PlyCount "55"]
[EventDate "2010.08.02"]

1. e4 c5 2. Nf3 d6 3. Bb5+ Bd7 4. Bxd7+ Qxd7 5. O-O Nf6 6. e5 dxe5 7. Nxe5 Qc7
8. d4 cxd4 9. Bf4 Nc6 10. Ng6 e5 11. Nxe5 Nxe5 12. Bxe5 Qxe5 13. Re1 Ne4 14.
Nd2 f5 15. f3 Bd6 16. g3 O-O 17. fxe4 f4 18. Nf3 Qh5 19. Nxd4 Qxd1 20. Raxd1
fxg3 21. Ne6 gxh2+ 22. Kh1 Bg3 23. Re3 Bf2 24. Red3 Rf6 25. Ng5 Raf8 26. Kxh2
Bh4 27. Nh3 Re6 28. Kg1 1/2-1/2

[Event "IV Memorial Aldo Perini A"]
[Site "Senigallia ITA"]
[Date "2010.08.03"]
[Round "2"]
[White "Aleksic, Nenad"]
[Black "Occari, Maurizio"]
[Result "1/2-1/2"]
[WhiteElo "2378"]
[BlackElo "2065"]
[PlyCount "37"]
[EventDate "2010.08.02"]

1. e4 g6 2. d4 Bg7 3. Nc3 d6 4. Bg5 Nc6 5. Nge2 a6 6. Qd2 b5 7. f3 Na5 8. Ng3
Be6 9. d5 Bd7 10. h4 h5 11. Bd3 c5 12. dxc6 Bxc6 13. Nge2 Rc8 14. Be3 Nf6 15.
Nd4 Bb7 16. O-O-O Nd7 17. Nb3 Nxb3+ 18. axb3 Qa5 19. Nb1 1/2-1/2

[Event "IV Memorial Aldo Perini A"]
[Site "Senigallia ITA"]
[Date "2010.08.03"]
[Round "2"]
[White "Frontini, Fabio"]
[Black "Calavalle, Giulio"]
[Result "0-1"]
[WhiteElo "1965"]
[BlackElo "2201"]
[PlyCount "70"]
[EventDate "2010.08.02"]

1. e4 c5 2. Nf3 Nc6 3. Bb5 g6 4. Bxc6 bxc6 5. O-O Bg7 6. Re1 e5 7. c3 Ne7 8.
Na3 O-O 9. Nc2 d6 10. d4 cxd4 11. cxd4 exd4 12. Ncxd4 c5 13. Nb5 d5 14. e5 Be6
15. Bg5 h6 16. Bh4 Qd7 17. Qe2 g5 18. Bg3 Nf5 19. Nc3 Qe7 20. Kh1 Rfd8 21. b3
Rac8 22. Rac1 Rc6 23. h3 g4 24. Ng1 Nxg3+ 25. fxg3 h5 26. Rcd1 d4 27. Qe4 Ra6
28. Na4 Rd5 29. Qd3 Rc6 30. h4 Rxe5 31. Rxe5 Bxe5 32. Ne2 Qf6 33. Nf4 Bxf4 34.
Rf1 Bf5 35. Qc4 Bxg3 0-1

[Event "IV Memorial Aldo Perini A"]
[Site "Senigallia ITA"]
[Date "2010.08.03"]
[Round "2"]
[White "Giretti Kanev, Jasen"]
[Black "Danese, Aldo"]
[Result "1-0"]
[WhiteElo "2208"]
[BlackElo "1973"]
[PlyCount "75"]
[EventDate "2010.08.02"]

1. d4 Nf6 2. Bg5 e6 3. e3 c6 4. Nd2 Be7 5. Ngf3 b6 6. Bd3 Na6 7. c3 Bb7 8. O-O
Nc7 9. e4 d5 10. e5 Nd7 11. Bxe7 Qxe7 12. b4 b5 13. a4 Nb6 14. axb5 cxb5 15.
Nb3 Na4 16. Qc2 Bc6 17. Na5 Qd7 18. Bxh7 O-O-O 19. Bd3 Rdg8 20. Nxc6 Qxc6 21.
Bxb5 Qxb5 22. Qxa4 a6 23. Qxb5 axb5 24. Ng5 Rf8 25. Ra7 Rh5 26. f4 Rh6 27. Rfa1
Kb8 28. h3 f5 29. Kf2 Rg6 30. Nf3 Rh8 31. Nd2 Rh4 32. Kf3 Rgh6 33. Nb3 Rxh3+
34. gxh3 Rxh3+ 35. Kg2 Rxc3 36. Nc5 Rc4 37. Rb7+ Kc8 38. Raa7 1-0

[Event "IV Memorial Aldo Perini A"]
[Site "Senigallia ITA"]
[Date "2010.08.03"]
[Round "2"]
[White "Giuliani, Sante"]
[Black "De Santis, Alessio"]
[Result "0-1"]
[WhiteElo "2018"]
[BlackElo "2348"]
[PlyCount "72"]
[EventDate "2010.08.02"]

1. Nf3 Nf6 2. g3 c5 3. Bg2 Nc6 4. d3 d5 5. O-O g6 6. Nbd2 Bg7 7. e4 O-O 8. Nh4
e5 9. exd5 Nxd5 10. Nc4 Be6 11. Re1 Qc7 12. Nf3 h6 13. Qe2 Bg4 14. c3 Rfe8 15.
h3 Bf5 16. Nh4 Be6 17. Nf3 Rad8 18. Ne3 Nb6 19. Rd1 f5 20. Nc2 Bf7 21. Be3 Na4
22. Nce1 f4 23. Bc1 g5 24. Qe4 c4 25. Nd2 Nc5 26. Qf5 Ne7 27. Qg4 cxd3 28. Ne4
Be6 29. Qh5 Bf7 30. Qg4 Bg6 31. Nxc5 Qxc5 32. Bd2 Nd5 33. h4 Nf6 34. Qh3 g4 35.
Qh2 f3 36. Bf1 e4 0-1

[Event "IV Memorial Aldo Perini A"]
[Site "Senigallia ITA"]
[Date "2010.08.03"]
[Round "2"]
[White "Rebeggiani, Luca"]
[Black "Mrdja, Milan"]
[Result "0-1"]
[WhiteElo "2036"]
[BlackElo "2372"]
[PlyCount "68"]
[EventDate "2010.08.02"]

1. c4 g6 2. Nc3 Bg7 3. g3 c5 4. Bg2 Nc6 5. e4 d6 6. Nge2 e6 7. O-O Nge7 8. d3
O-O 9. Be3 Nd4 10. Qd2 Re8 11. f4 Rb8 12. Rf2 a6 13. Raf1 b5 14. b3 b4 15. Nd1
a5 16. g4 f5 17. Bxd4 cxd4 18. g5 Bd7 19. Rf3 Qc7 20. Qe1 Nc6 21. Qh4 Qd8 22.
Rh3 h5 23. gxh6 Qxh4 24. Rxh4 Bf6 25. Rh3 Kh7 26. Kf2 Nd8 27. Ng1 Nf7 28. Nf3
fxe4 29. dxe4 e5 30. f5 gxf5 31. Nh4 f4 32. Nf5 Bxf5 33. exf5 e4 34. Rh5 d3 0-1

[Event "IV Memorial Aldo Perini A"]
[Site "Senigallia ITA"]
[Date "2010.08.03"]
[Round "2"]
[White "Rizzardi, Franco"]
[Black "Damia, Angelo"]
[Result "0-1"]
[WhiteElo "2002"]
[BlackElo "2281"]
[PlyCount "106"]
[EventDate "2010.08.02"]

1. e4 e6 2. d4 d5 3. e5 c5 4. c3 Qb6 5. Nf3 Bd7 6. Be2 Bb5 7. Bxb5+ Qxb5 8. Na3
Qa6 9. Nc2 Nc6 10. Qe2 Qxe2+ 11. Kxe2 cxd4 12. Ncxd4 Bc5 13. Be3 Bxd4 14. Bxd4
Nge7 15. Rhe1 b6 16. Kf1 Rc8 17. Rac1 Kd7 18. g3 Rc7 19. Kg2 h6 20. Rcd1 Kc8
21. Re2 Kb7 22. h4 Ng6 23. Ree1 Nf8 24. Re2 Nd7 25. Ne1 b5 26. f4 Rhc8 27. Nf3
b4 28. g4 a6 29. Kh3 Nxd4 30. cxd4 Rc2 31. Red2 Nb6 32. Ne1 Rxd2 33. Rxd2 Rc1
34. Nd3 Rh1+ 35. Kg3 Nc4 36. Rc2 Rd1 37. Nc5+ Kb6 38. b3 Rxd4 39. Na4+ Kb5 40.
bxc4+ dxc4 41. Nb2 c3 42. Kf3 cxb2 43. Rxb2 a5 44. Ke3 Rc4 45. h5 a4 46. Rg2 b3
47. axb3 axb3 48. f5 Rc2 49. Rxc2 bxc2 50. Kd2 exf5 51. gxf5 Kc4 52. f6 gxf6
53. exf6 Kd5 0-1

[Event "IV Memorial Aldo Perini A"]
[Site "Senigallia ITA"]
[Date "2010.08.03"]
[Round "2"]
[White "Salvioli, Alessandro"]
[Black "Sabia, Corrado"]
[Result "1/2-1/2"]
[WhiteElo "1969"]
[BlackElo "2212"]
[PlyCount "82"]
[EventDate "2010.08.02"]

1. e4 c5 2. Nf3 e6 3. d4 cxd4 4. Nxd4 a6 5. Bd3 Bc5 6. Nb3 Be7 7. O-O d6 8. f4
Qc7 9. Qe2 Nd7 10. a4 b6 11. Nc3 Bb7 12. Bd2 Ngf6 13. Kh1 h5 14. Rae1 h4 15.
Kg1 g6 16. e5 dxe5 17. fxe5 h3 18. Rf2 hxg2 19. Rxg2 Nh5 20. Be4 Ng7 21. Bxb7
Qxb7 22. Ne4 Nf5 23. Bc3 O-O-O 24. a5 b5 25. Nd6+ Bxd6 26. exd6 Rh3 27. Qg4 Rh4
28. Qg5 Rh5 29. Qf4 Rh4 30. Qg5 Rh5 31. Qf4 Rg8 32. Rf1 Rh4 33. Qg5 Rh3 34. Qg4
Rh4 35. Qg5 Rh3 36. Qg4 Rh7 37. Rxf5 exf5 38. Qd4 Re8 39. Nc5 Qc6 40. Nxd7 Qxd7
41. Qc5+ Kb8 1/2-1/2

[Event "IV Memorial Aldo Perini A"]
[Site "Senigallia ITA"]
[Date "2010.08.03"]
[Round "2"]
[White "Stromboli, Carlo"]
[Black "Sernagiotto, Mirko Virgilio"]
[Result "1-0"]
[WhiteElo "2285"]
[BlackElo "1977"]
[PlyCount "83"]
[EventDate "2010.08.02"]

1. e4 e5 2. Nf3 Nc6 3. Bb5 a6 4. Ba4 d6 5. c3 f5 6. d3 Nf6 7. Bg5 h6 8. Bxf6
Qxf6 9. Nbd2 Be7 10. Nf1 Qg6 11. Ne3 f4 12. Nd5 Bd8 13. Rg1 O-O 14. h3 Kh8 15.
Qe2 Nb8 16. c4 c6 17. Nc3 b5 18. Bb3 Nd7 19. Bc2 b4 20. Nb1 Nc5 21. Nbd2 a5 22.
d4 exd4 23. Nxd4 Qf6 24. N2f3 Bb6 25. O-O-O Bd7 26. e5 dxe5 27. Qxe5 Rae8 28.
Qxf6 Rxf6 29. Rge1 Bc7 30. Rxe8+ Bxe8 31. Re1 Bh5 32. Ne5 Be8 33. Ndxc6 Bxc6
34. Nxc6 Ne6 35. Ne7 Nf8 36. Nd5 Rc6 37. Nxc7 Rxc7 38. b3 g6 39. Re4 g5 40. h4
Kg7 41. hxg5 hxg5 42. Re5 1-0

[Event "IV Memorial Aldo Perini A"]
[Site "Senigallia ITA"]
[Date "2010.08.03"]
[Round "2"]
[White "Valsecchi, Alessio"]
[Black "Leveque, Sergio"]
[Result "1-0"]
[WhiteElo "2360"]
[BlackElo "2035"]
[PlyCount "75"]
[EventDate "2010.08.02"]

1. e4 c5 2. Nc3 Nc6 3. f4 g6 4. Nf3 Bg7 5. Bc4 e6 6. O-O Nge7 7. Qe1 O-O 8. d3
d5 9. Bb3 a6 10. f5 dxe4 11. f6 Bxf6 12. Nxe4 Bg7 13. g4 Nd4 14. Bg5 f6 15.
Nxd4 Qxd4+ 16. Be3 Qd8 17. Bxc5 b6 18. Ba3 Kh8 19. Qh4 Qd4+ 20. Qf2 Qxf2+ 21.
Rxf2 Ra7 22. Nd6 f5 23. c3 Nd5 24. Re1 Bd7 25. gxf5 gxf5 26. Nxf5 Rxf5 27. Rxf5
exf5 28. Bxd5 Bf6 29. Bd6 Bb5 30. Re6 Rg7+ 31. Kf2 Rg6 32. Rxf6 Rxf6 33. Be5
Kg7 34. c4 Bd7 35. Kf3 Kg6 36. Bxf6 Kxf6 37. Kf4 a5 38. d4 1-0

[Event "IV Memorial Aldo Perini A"]
[Site "Senigallia ITA"]
[Date "2010.08.03"]
[Round "2"]
[White "Vincenzi, Marco"]
[Black "Belezky, Alexander"]
[Result "1/2-1/2"]
[WhiteElo "2103"]
[BlackElo "2440"]
[PlyCount "31"]
[EventDate "2010.08.02"]

1. e4 c5 2. Nf3 Nc6 3. d4 cxd4 4. Nxd4 g6 5. c4 Nf6 6. Nc3 d6 7. Be2 Nxd4 8.
Qxd4 Bg7 9. Bg5 O-O 10. Qd2 Be6 11. f3 Qa5 12. Nd5 Qxd2+ 13. Kxd2 Bxd5 14. cxd5
h6 15. Be3 Rac8 16. Rac1 1/2-1/2

[Event "IV Memorial Aldo Perini A"]
[Site "Senigallia ITA"]
[Date "2010.08.04"]
[Round "3"]
[White "Belezky, Alexander"]
[Black "Lucchi, Lorenzo"]
[Result "1-0"]
[WhiteElo "2440"]
[BlackElo "2075"]
[PlyCount "53"]
[EventDate "2010.08.02"]

1. Nf3 Nf6 2. g3 g6 3. Bg2 Bg7 4. O-O O-O 5. d3 d5 6. Nbd2 Nc6 7. c4 e5 8. cxd5
Nxd5 9. Nc4 Be6 10. Ng5 Bg4 11. h3 Bc8 12. Bd2 Nb6 13. Ne4 Be6 14. Nc5 Nxc4 15.
Nxe6 fxe6 16. dxc4 Qd4 17. Qc2 e4 18. Bxe4 Rad8 19. Be3 Qxb2 20. Qxb2 Bxb2 21.
Rab1 Bc3 22. Rxb7 Nd4 23. Bd3 Nf3+ 24. exf3 Rxd3 25. Bxa7 Ra8 26. Rfb1 Rxa7 27.
Rxa7 1-0

[Event "IV Memorial Aldo Perini A"]
[Site "Senigallia ITA"]
[Date "2010.08.04"]
[Round "3"]
[White "Calavalle, Giulio"]
[Black "Valsecchi, Alessio"]
[Result "1/2-1/2"]
[WhiteElo "2201"]
[BlackElo "2360"]
[PlyCount "57"]
[EventDate "2010.08.02"]

1. e4 d5 2. exd5 Qxd5 3. Nc3 Qd6 4. d4 Nf6 5. Nf3 g6 6. g3 c6 7. Bg2 Bg7 8. O-O
O-O 9. Bf4 Qd8 10. Qd2 Na6 11. a4 Bf5 12. Nh4 Be6 13. Rfe1 Qc8 14. Ne4 Nxe4 15.
Bxe4 Rd8 16. c3 Nc5 17. Bc2 Bf6 18. Bg5 Nb3 19. Bxb3 Bxb3 20. Bxf6 exf6 21. Qf4
Kg7 22. Ng2 Qd7 23. Ne3 h6 24. Ra3 Be6 25. h4 Re8 26. Raa1 Rad8 27. a5 f5 28.
b4 f6 29. Rad1 1/2-1/2

[Event "IV Memorial Aldo Perini A"]
[Site "Senigallia ITA"]
[Date "2010.08.04"]
[Round "3"]
[White "Damia, Angelo"]
[Black "Altini, Nicola"]
[Result "1/2-1/2"]
[WhiteElo "2281"]
[BlackElo "2120"]
[PlyCount "33"]
[EventDate "2010.08.02"]

1. e4 c5 2. Nf3 Nc6 3. d4 cxd4 4. Nxd4 g6 5. c4 d6 6. Nc3 Nf6 7. Be2 Nxd4 8.
Qxd4 Bg7 9. Be3 O-O 10. Qd2 a5 11. O-O a4 12. Rac1 Qa5 13. f3 Be6 14. Nd5 Qxd2
15. Bxd2 Bxd5 16. cxd5 Nd7 17. Rc2 1/2-1/2

[Event "IV Memorial Aldo Perini A"]
[Site "Senigallia ITA"]
[Date "2010.08.04"]
[Round "3"]
[White "De Santis, Alessio"]
[Black "Borgiani, Flavio"]
[Result "1/2-1/2"]
[WhiteElo "2348"]
[BlackElo "2194"]
[PlyCount "41"]
[EventDate "2010.08.02"]

1. d4 g6 2. c4 Nf6 3. Nc3 Bg7 4. e4 d6 5. Be2 c6 6. Nf3 O-O 7. h3 e5 8. d5 cxd5
9. cxd5 Nbd7 10. Nd2 Ne8 11. O-O f5 12. exf5 gxf5 13. f4 Kh8 14. Nf3 Nef6 15.
Ng5 Nc5 16. fxe5 dxe5 17. Be3 b6 18. b4 Nb7 19. Bb5 Nd6 20. Bc6 Rb8 21. Ne6
1/2-1/2